| 000 | 00598nam a22001697a 4500 | ||
|---|---|---|---|
| 999 |
_c189349 _d189349 |
||
| 005 | 20220629111120.0 | ||
| 010 | _aENG-133372 | ||
| 020 |
_a9789389146530 _c250.00 |
||
| 035 | _aEN-116904 | ||
| 037 | _bDBAD/PUB | ||
| 082 | _a378.125 | ||
| 245 | _aReaching the unreached in teaching learning and research/ | ||
| 260 |
_aTamil nadu _bShanlax publications _c2019 |
||
| 270 |
_bTamil nadu _a61,66 T.P.K Main road , Varsantha nagar , Madurai _e625003 _m@shanlaxpublications.com _k7639303383 ,04524208765 |
||
| 300 |
_a155,p _c22cm(pbk) _bReferences |
||
| 942 |
_2ddc _cEN _h378.125 _mREA |
||